00743cam a22002537a 4500003000500000005001700005008004100022010000900063011000900072035000900081040000900090082001700099100003600116245005200152260006700204300001100271490002100282500004100303650002500344650003400369650001200403710005300415830002100468CHAP20220817041058.0971013s1988 mx r 00010 spa d a5963 a6935 a6158 cCHAP04a080bC54 v.100aPaso y Troncoso, Francisco del.13aLa botánica entre los nahuas y otros estudios aMéxico, D.F. :bConsejo Nacional de Fomento Educativo,c1988 a287 p. 0aCien de México aTambién se clasif. en: 581.634/P3814aBotánica médica.14aIndios de MéxicoxMedicina.14aNahuas.0 aConsejo Nacional de Fomento Educativo. México.0 aCien de México